Maroon 5 - Wake Up Call Lyrics - Statistics

General Stats
  • This quiz has been taken 29 times
  • The average score is 364 of 416
Answer Stats
Hint Answer % Correct
a
100%
about
100%
bed
100%
call
100%
care
100%
do
100%
Verse 1 I
100%
me
100%
my
100%
So
100%
so
100%
then
100%
up
100%
Chorus | Chorus-Outro Wake
100%
another
95%
anymore
95%
dead
95%
don't
95%
Don't
95%
had
95%
He
95%
him
95%
in
95%
no
95%
on
95%
shoot
95%
Six
95%
think
95%
to
95%
with
95%
you
95%
You
95%
Caught
90%
foot
90%
love
90%
morning
90%
one
90%
tall
90%
the
90%
And
85%
and
85%
around
85%
baby
85%
come
85%
Come
85%
Did
85%
fault
85%
have
85%
hear
85%
here
85%
it
85%
not
85%
Now
85%
now
85%
say
85%
were
85%
who
85%
without
85%
won't
85%
ask
80%
beat
80%
Came
80%
Cause
80%
coming
80%
didn't
80%
for
80%
if
80%
Bridge If
80%
I'm
80%
it's
80%
need
80%
needed
80%
never
80%
saying
80%
warning
80%
Well
80%
what
80%
What's
80%
word
80%
are
75%
at
75%
bad
75%
deserve
75%
feel
75%
game
75%
hell
75%
Is
75%
Oh
75%
oh
75%
own
75%
taking
75%
that
75%
Woah
75%
betray
70%
Could
70%
emotion
70%
given
70%
live
70%
way
70%
both
65%
happy
65%
his
65%
kind
65%
make
65%
maybe
65%
sorry
65%
still
65%
treat
65%
was
65%
wrong
65%
beating
60%
darling
60%
heart
60%
made
60%
questions
60%
thing
60%
would
60%
Verse 2 Would
60%
your
60%
answer
55%
hit
55%
save
55%
thinking
55%
screaming
50%
babe
45%
finally
45%
ground
45%
raw
45%
sound
45%
sleeping
35%
loudly
30%
lover's
30%
soundly
30%
bled
25%
No matching quizzes found
Score Distribution
Percent of People with Each Score
Percentile by Number Answered
Your Score History
You have not taken this quiz